000 00293nam a22001217a 4500
999 _c8446
_d8446
008 200131b ||||| |||| 00| 0 eng d
020 _a9780070636613
082 _219th
_a510.5 DAS
100 _aDASGUPTA,Sanjay etc
245 _aAlgorithms
250 _aPage-320
260 _aNew Delhi
_bTMH
_c2017